00464nmm a2200169Ia 4500008004100000020001800041041000800059100003200067245002400099264004200123300001800165490001400183650002200197856005100219942000700270999001700277251105s9999||||xx |||||||||||||||||und|| a9788496428300 aspa aAlarcón, Pedro Antonio de 0aEl capitán Veneno a[Madrid, España] :bLinkgua, c2015 a114 páginas aNarrativa aSpanish narrative uhttps://public.digitaliapublishing.com/a/16262 cCF c89897d89897